Central Library OPAC University of Rajshahi

Lord Durham's report on the affairs of British North America / (Record no. 27762)

MARC details
000 -LEADER
fixed length control field 00844cam a2200265 a 4500
001 - CONTROL NUMBER
control field 27762
003 - CONTROL NUMBER IDENTIFIER
rucl marc code BD-RjUL
005 - DATE AND TIME OF LATEST TRANSACTION
control field 20211209051211.0
008 - FIXED-LENGTH DATA ELEMENTS--GENERAL INFORMATION
fixed length control field 140327s1912 enk 001 0 eng d
035 ## - SYSTEM CONTROL NUMBER
System control number (BD-RjUL)27841
040 ## - CATALOGING SOURCE
Original cataloging agency MRC
Modifying agency OCL
-- BD-RjUL
Language of cataloging eng
Transcribing agency BD-RjUL
041 ## - LANGUAGE CODE
Language code of text/sound track or separate title eng
082 ## - DEWEY DECIMAL CLASSIFICATION NUMBER
Classification number 971.038
Author mark and year LOR V-1 1912
090 ## - LOCALLY ASSIGNED LC-TYPE CALL NUMBER (OCLC); LOCAL CALL NUMBER (OCLC)
Classification number (OCLC) (R) ; Classification number, CALL (RLIN) (NR) F1032
Local cutter number (OCLC) ; Book number/undivided call number, CALL (RLIN) .D8
245 00 - TITLE STATEMENT
Title Lord Durham's report on the affairs of British North America /
Statement of responsibility, etc. edited with an introduction by Sir C.P. Lucas.
Number of part/section of a work Volume I
Name of part/section of a work Introduction
260 ## - PUBLICATION, DISTRIBUTION, ETC. (IMPRINT)
Place of publication, distribution, etc. Oxford :
Name of publisher, distributor, etc. Clarendon Press,
Date of publication, distribution, etc. 1912.
300 ## - PHYSICAL DESCRIPTION
Pagination [6] 335 p. ;
Size 23 cm.
504 ## - BIBLIOGRAPHY, ETC. NOTE
Bibliography, etc Includes index.
650 ## - SUBJECT ADDED ENTRY--TOPICAL TERM
Topical term or geographic name as entry element Canada
9 (RLIN) 85221
651 #0 - SUBJECT ADDED ENTRY--GEOGRAPHIC NAME
Geographic name Canada
General subdivision History
Chronological subdivision Rebellion, 1837-1838.
9 (RLIN) 85222
Geographic name Canada
General subdivision Politics and government.
9 (RLIN) 85223
700 ## - ADDED ENTRY--PERSONAL NAME
Personal name C.P. Lucas.
942 ## - ADDED ENTRY ELEMENTS (KOHA)
Source of classification or shelving scheme Dewey Decimal Classification
Koha item type Books
Holdings
Lost status Source of classification or shelving scheme Materials specified (bound volume or other part) Damaged status Not for loan Collection code Permanent Location Current Location Shelving location Date acquired Source of acquisition Cost, normal purchase price Total Checkouts Full call number Date last seen Copy number Koha item type
  Dewey Decimal Classification V-1   Added to bundle Non-fiction Central Library, University of Rajshahi Central Library, University of Rajshahi Reading Room 08/07/1955 Alies Book Agency 17.00   971.038 LOR 1912 27/03/2014 C-1 Books